| 000 | 00478nam a22001697a 4500 | ||
|---|---|---|---|
| 999 |
_c3744 _d3701 |
||
| 008 | 190802b ||||| |||| 00| p eng d | ||
| 020 | _a9752200656 | ||
| 041 | _atur | ||
| 050 | _aPL219 | ||
| 100 |
_91069 _aProf.Dr. Aksan, Doğan |
||
| 245 | _aCumhuriyet Döneminden Bugüne Örneklerle Şiir Şiir Çözümlemeleri | ||
| 250 | _a1.Basım | ||
| 260 |
_aAnkara: _bBilgi Yayınevi, _cAralık 2003 |
||
| 300 | _a237 Sayfa | ||
| 650 | 0 |
_9145 _aTürk Edebiyatı |
|
| 942 |
_2lcc _cBK |
||